Vývoj trhu práce v agrárním sektoru.

Analýza súčasného vývoja stavu na trhu práce v poľnohospodárstve. Charakteristické rysy trhu práce v období privatizácie a transformácie. Priebeh transformácie v bývalej ČSFR. Potreba sledovania vývoja zárobkov a príjmov poľnohospodárov pomocou ekonomických nástrojov, čím sa odstránia nežiadúce dôsl...

Descrizione completa

Salvato in:
Dettagli Bibliografici
Autore principale: Klapková, H.
Natura: Capitolo di libro
Lingua:ceco
Soggetti:
Tags: Aggiungi Tag
Nessun Tag, puoi essere il primo ad aggiungerne!!

MARC

LEADER 00000naa a2200000 4500
001 r012790
005 20221205080845.4
041 0 |a cze 
044 |a CZ 
245 1 0 |a Vývoj trhu práce v agrárním sektoru.  |c H. Klapková 
520 |a Analýza súčasného vývoja stavu na trhu práce v poľnohospodárstve. Charakteristické rysy trhu práce v období privatizácie a transformácie. Priebeh transformácie v bývalej ČSFR. Potreba sledovania vývoja zárobkov a príjmov poľnohospodárov pomocou ekonomických nástrojov, čím sa odstránia nežiadúce dôsledky trhového hospodárstva. 
610 2 0 |a trh práce 
610 2 0 |a poľnohospodárstvo 
610 2 0 |a privatizácia 
610 2 0 |a transformácia 
610 2 0 |a zárobky 
610 2 0 |a pracovníci poľnohospodárski 
610 2 0 |a zamestnanosť 
610 2 0 |a zainteresovanosť hmotná 
610 2 0 |a mzdy reálne 
100 1 |a Klapková, H.